13/ Calendrier de l'Avent - Livres - Statistiques

Statistiques générales
  • Ce quiz a été pris 10 fois
  • Le résultat moyen est 3 sur 24
Statistiques - réponses
Auteur Titre % Correct
Guy de Maupassant {Conte de} Noël
50%
Nicolas Gogol La {Nuit de} Noël
50%
Agatha Christie Le Noël d'{Hercule Poirot}
50%
Guy de Maupassant {Nuit de} Noël
50%
Liz Talley La {magie de} Noël
17%
Mary Higgins Clark Le {mystère de} Noël
17%
Alphonse Daudet Les {trois messes} basses
17%
Romain Sardou Une {seconde avant} Noël
17%
Matt Haig Un {garçon} nommé Noël
17%
Catherine Mory 30 {histoires en} attendant Noël
0%
Alphonse Allais {Deux et deux} font cinq
0%
Mario Leino La {véritable histoire} de Noël
0%
Grant Morrison La {véritable histoire du} Père Noël
0%
Richard Ely Le grand livre {des esprits de} Noël
0%
Alice Brière-Haquet Le {grimoire du} père Noël
0%
Rodolphe Le {pays de} Noël
0%
Dominique Foufelle Le petit {livre de} Noël
0%
Emmanuelle Kecir-Lepetit Les plus {beaux secrets} de Noël
0%
Lisa Kleypas {Nuit de Noël} à Friday Harbor
0%
Maria Frazee Quel est le {secret du} Père Noël ?
0%
Romain Sardou {Sauvez} Noël
0%
Charles Dickens Un {chant de} Noël
0%
Liz Curtis Higgs Une {guirlande de} Noël
0%
Glenn Beck Un Noël {de rêve}
0%
Aucun quiz correspondant
Distribution des résultats
% des personnes avec chaque résultat
Percentile par nombre de réponses
Votre historique - résultats
Vous n’avez pas pris ce quiz